| 000 | 00731nam a22001937a 4500 | ||
|---|---|---|---|
| 003 | NUST-PNEC | ||
| 005 | 20170116180710.0 | ||
| 008 | 141003b xxu||||| |||| 00| 0 eng d | ||
| 020 | _a8179921182 | ||
| 040 | _cPNEC | ||
| 082 | _a620.1064 IDE | ||
| 100 |
_9510 _aIdelchik, I.E. |
||
| 245 |
_aHandbook of hydraulic resistance _cI. E. Idelchik |
||
| 260 |
_aMumbai : Jaico Pub. House ; New York, N.Y. : _bPublished in arrangement with Begell House, Inc., _cc2003. |
||
| 300 |
_a790 pages : _billustrations ; _c25 cm |
||
| 500 | _aIncludes Index http://www.amazon.com/Handbook-Hydraulic-Resistance-I-E-Idelchik/dp/8179921182/ref=sr_1_1?s=books&ie=UTF8&qid=1412309335&sr=1-1&keywords=8179921182 | ||
| 650 | _xME | ||
| 942 |
_2ddc _cBK |
||
| 999 |
_c60920 _d60920 |
||